| 000 | 01172cam a2200265 i 4500 | ||
|---|---|---|---|
| 003 | SA-RiAUC | ||
| 005 | 20250210071613.0 | ||
| 008 | 250204s1990 su g f000r0 ara c | ||
| 040 |
_aQA-DoQUL _bara _cSA-RiAUC _erda |
||
| 043 | _ama----- | ||
| 082 | 0 | 4 | _a953.082 |
| 090 |
_a953.082 _bغ ا م |
||
| 100 | 1 |
_aالغامدي، عبد الله سعيد محمد، _d1376 هجري- _eمؤلف. |
|
| 245 | 1 | 0 |
_aجهاد المماليك ضد المغول والصليبيين في النصف الثاني من القرن السابع الهجري / _cتأليف عبد الله سعيد محمد سافر الغامدي. |
| 264 | 1 |
_aمكة المكرمة : _bجامعة أم القرى، _c1990 |
|
| 300 |
_a430 صفحة ؛ _c24 سم |
||
| 336 |
_aنص _btxt _2rdacontent _3كتاب |
||
| 337 |
_aبدون وسيط _bn _2rdamedia |
||
| 338 |
_aمجلد _bnc _2rdacarrier |
||
| 650 | 7 |
_aالحروب الصليبية _xتاريخ _2aucsh |
|
| 650 | 7 |
_aالمغول والتتار _xتاريخ _2aucsh |
|
| 651 | 7 |
_aالبلاد العربية _xتاريخ _yالعصر المملوكي، 1250-1517 _2aucsh |
|
| 942 |
_2ddc _cBOOK _n0 |
||
| 949 |
_aSA-JeALM _d250204 _umohamedma123 _n1 |
||
| 999 |
_c5773 _d5773 |
||